| 000 | 00518nam a2200181Ia 4500 | ||
|---|---|---|---|
| 003 | OSt | ||
| 005 | 20191224122351.0 | ||
| 008 | 190216s9999||||xx |||||||||||||| ||und|| | ||
| 020 | _a0876923732 | ||
| 040 | _coclc | ||
| 082 |
_a339 _bEDG/M |
||
| 100 |
_aEdgmand, Michael R _9724 |
||
| 245 | 0 |
_aMacroeconomics Theory And Policy / _cMichael R Edgmand |
|
| 260 |
_bPrentice Hall of India, _c1985. _aNew Delhi: |
||
| 300 | _a466p | ||
| 650 | _aEconomics | ||
| 942 |
_cBK _2ddc _h339 _iEDG/M _k339 _mEDG/M |
||
| 999 |
_c9743 _d9743 |
||